Open Data Biblioteca Nacional de Portugal


República Portuguesa: Ministério da Cultura
Biblioteca Nacional de Portugal

Catálogo da BNP: acesso por Identificadores Unívocos
Registos Bibliográficos associados ao registo de autoridade

Etiqueta de registo: 00254nam 2200025 450
001 2284549
003 http://id.bnportugal.gov.pt/bib/catbnp/2284549
100 ## $a20260416d2025 k y0pory01030103ba
101 0# $aeng$dpor
102 ## $aPT
105 ## $aa m 000yy
106 ## $ar
200 1# $aEstablishment of different matrices to measure cortisol in zebrafish under acute chronic stressful situations$fSara Silva Jorge$gorient. Ana Maria Marques Valentim, Benjamín Costas Refojos, Luís Manuel Lourenço Félix
210 #9 $aPorto$c[s.n.],$d2025
215 ## $aXLIII, 240 p.$cil.$d30 cm
328 #1 $aTese dout. Ciências Veterinárias, Instituto de Ciências Biomédicas de Abel Salazar, Universidade do Porto, 2025
700 #1 $aJorge,$bSara Silva$4727$31995951
702 #1 $aValentim,$bAna Maria Marques$31493097
702 #1 $aCostas Refojos,$bBenjamín,$f1979-$4727$31299435
702 #1 $aFélix,$bLuís Manuel Lourenço$4727$31673798
801 #0 $aPT$bBN$gRPC
966 ## $lBN$mFGMON$x1
971 ## $cisantos$d20260416

OpendataBNP@bnportugal.pt | Mais informação sobre acesso aos dados BNP